000 00440nam a2200145Ia 4500
008 211109s9999||||xx |||||||||||||| ||und||
082 _a822
_bPIN-H
100 _aPinero, Arthur W
245 0 _aHobby Horse a Comody in Three Acts
260 _bWilliam Heinemann Ltd
_aLondon
_c1966
300 _a167p.
630 _xGeneral Stack
650 _aLiterature and rhetoric
_vEnglish and old english literatureEnglish drama
_xEnglish
942 _cBOOK
999 _c8165
_d8165